The smart woman’s guide to interviewing and salary negotiation

Guardado en:
Detalles Bibliográficos
Autor principal: King, Julie Adair
Formato: Libro
Lenguaje:Undetermined
Publicado: Franklin Lakes, NJ Career Press 1995
Materias:
Acceso en línea:http://lrc.tdmu.edu.vn/opac/search/detail.asp?aID=2&ID=7492
Etiquetas: Agregar Etiqueta
Sin Etiquetas, Sea el primero en etiquetar este registro!
Thư viện lưu trữ: Trung tâm Học liệu Trường Đại học Thủ Dầu Một
LEADER 00663nam a2200193Ia 4500
001 TDMU_7492
008 210410s9999 xx 000 0 und d
082 |a 650.14082 
090 |b K311 
100 |a King, Julie Adair 
245 4 |a The smart woman’s guide to interviewing and salary negotiation 
245 0 |c by Julie Adair King 
260 |a Franklin Lakes, NJ 
260 |b Career Press 
260 |c 1995 
300 |a 221 p 
650 |a Women   |x Vocational guidance; Employment interviewing; Wages   |x Women 
856 |u http://lrc.tdmu.edu.vn/opac/search/detail.asp?aID=2&ID=7492 
980 |a Trung tâm Học liệu Trường Đại học Thủ Dầu Một